LEADER 00806nam--2200313---450- 001 990002133460203316 005 20041103103447.0 035 $a000213346 035 $aUSA01000213346 035 $a(ALEPH)000213346USA01 035 $a000213346 100 $a20041103d1977----km-y0itay0103----ba 101 $aita 102 $aIT 105 $a||||||||001yy 200 1 $aInchiesta a Palermo$fDanilo Dolci 210 $aTorino$cEinaudi$d1977 215 $a310 p.$d22 cm 454 1$12001 461 1$1001-------$12001 700 1$aDOLCI,$bDanilo$032100 801 0$aIT$bsalbc$gISBD 912 $a990002133460203316 951 $aXXIV B 3 110$b0951 G.$cXXIV B 959 $aBK 969 $aGIU 979 $aSIAV1$b10$c20041103$lUSA01$h1034 996 $aInchiesta a Palermo$9131916 997 $aUNISA